[Event "Cto Equipos Aragon 2013 Div. Honor I"]
[Site "Aragon"]
[Date "2013.01.26"]
[Round "1.1"]
[White "Gavin Roche, Enrique"]
[Black "Gil Capape, Marco Antonio"]
[Result "1/2-1/2"]
[WhiteElo "2249"]
[BlackElo "2084"]
[PlyCount "117"]
[EventDate "2013.??.??"]
[EventType "tourn"]
[EventRounds "7"]
[EventCountry "ESP"]
[WhiteTeam "ONCE C.A. Aragon"]
[BlackTeam "Caissa - Hnos. Cortes"]

1. d4 g6 2. c4 Bg7 3. Nc3 c5 4. d5 Bxc3+ 5. bxc3 f5 6. g4 fxg4 7. h3 g3 8. fxg3
Qa5 9. Qd3 d6 10. Bd2 Nd7 11. Nf3 Ngf6 12. e4 O-O 13. g4 Ne8 14. Be2 Ne5 15.
Nxe5 dxe5 16. Qg3 Qc7 17. Bh6 Rf7 18. Bd3 Bd7 19. a4 Ng7 20. Rf1 Raf8 21. Rxf7
Rxf7 22. a5 Bc8 23. Kd2 Qd6 24. Be3 e6 25. Qg1 b6 26. axb6 axb6 27. Ra8 Rf8 28.
Bh6 Qc7 29. Qg3 Bb7 30. Ra7 Rf7 31. Be3 Qb8 32. Ra1 exd5 33. cxd5 Ne8 34. Ke2
Kg7 35. c4 Nf6 36. Bd2 Nd7 37. Bc2 Kf8 38. Bc3 Rf4 39. g5 Ke7 40. Ke3 Qf8 41.
Ba4 Rf1 42. Bxe5 Rxa1 43. Bxa1 Qf1 44. Bf6+ Nxf6 45. Qe5+ Kf7 46. Qe6+ Kg7 47.
Qe7+ Kg8 48. Qxf6 Qxh3+ 49. Qf3 Qh4 50. Qf4 Qe1+ 51. Kf3 Bc8 52. Be8 Qc3+ 53.
Kf2 Qd4+ 54. Kg3 Qg1+ 55. Kf3 Qf1+ 56. Ke3 Qc1+ 57. Kf3 Qf1+ 58. Kg3 Qg1+ 59.
Kf3 1/2-1/2

[Event "Cto Equipos Aragon 2013 Div. Honor I"]
[Site "Aragon"]
[Date "2013.01.26"]
[Round "1.2"]
[White "Vera Aranjuelo, Jesus Maria"]
[Black "Campos Hernandez, Antonio"]
[Result "0-1"]
[WhiteElo "2039"]
[BlackElo "2183"]
[PlyCount "112"]
[EventDate "2013.??.??"]
[EventType "tourn"]
[EventRounds "7"]
[EventCountry "ESP"]
[WhiteTeam "Caissa - Hnos. Cortes"]
[BlackTeam "ONCE C.A. Aragon"]

1. d4 d5 2. Nf3 Nf6 3. Bf4 e6 4. e3 c5 5. c3 Nc6 6. Bd3 Bd6 7. dxc5 Bxc5 8. O-O
O-O 9. Nbd2 Re8 10. Ne5 Nxe5 11. Bxe5 Nd7 12. Bg3 e5 13. Nb3 Qb6 14. Qc2 Nf8
15. Nxc5 Qxc5 16. Rfd1 Bg4 17. Rd2 Bh5 18. Be2 Bxe2 19. Rxe2 Rac8 20. Qd1 f6
21. Rd2 Red8 22. Qb3 b5 23. Rad1 Qc4 24. Rxd5 Rxd5 25. Rxd5 b4 26. Qxc4 Rxc4
27. Rd3 Ne6 28. h3 e4 29. Rd6 bxc3 30. bxc3 Nc5 31. Rc6 Rxc3 32. Rc8+ Kf7 33.
Rc7+ Kg6 34. Bd6 Rc1+ 35. Kh2 Nd3 36. Rxa7 Rc2 37. Bf8 Rxf2 38. Rxg7+ Kf5 39.
a3 Re2 40. Rf7 Ne5 41. Rxh7 Rxe3 42. Rb7 Re2 43. Rb1 Ng6 44. Bd6 Nh4 45. Kg3
Kg5 46. Rg1 Nf5+ 47. Kh2 Nxd6 48. Ra1 Rc2 49. a4 Rc6 50. Kg3 Nf5+ 51. Kf2 e3+
52. Kf3 Nd4+ 53. Ke4 Nc2 54. h4+ Kg4 55. Rh1 e2 56. Kd5 Ra6 0-1

[Event "Cto Equipos Aragon 2013 Div. Honor I"]
[Site "Aragon"]
[Date "2013.01.26"]
[Round "1.3"]
[White "Laliena Solares, Luis M"]
[Black "Carraminana Lopez, Luis Antonio"]
[Result "1-0"]
[WhiteElo "2160"]
[BlackElo "1998"]
[PlyCount "69"]
[EventDate "2013.??.??"]
[EventType "tourn"]
[EventRounds "7"]
[EventCountry "ESP"]
[WhiteTeam "ONCE C.A. Aragon"]
[BlackTeam "Caissa - Hnos. Cortes"]
[TimeControl "120+1"]

{4MB, Eco2008.ctg, ASUS X51R} 1. d4 d5 2. Nf3 Nf6 3. e3 e6 4. Bd3 c5 5. b3 Nc6
6. O-O Bd6 7. Bb2 O-O 8. Nbd2 b6 9. a3 Bb7 10. Ne5 Rc8 11. f4 Ne7 12. Qf3 b5
13. dxc5 Bxc5 14. b4 Bb6 15. Nb3 Ne4 16. Nd4 a6 17. Qh3 Bxd4 18. Bxd4 Nf5 19.
Bxe4 dxe4 20. Bc5 Nd6 21. Rfd1 Bd5 22. Nd7 Re8 23. Nb6 Nc4 24. Nxc8 Qxc8 25.
Bd4 Nd6 26. Rd2 Rd8 27. Bc5 Nc4 28. Rd4 Bb7 29. Qg4 f5 30. Qg5 Rxd4 31. Bxd4
Qd7 32. h4 h6 33. Qg6 Bc6 34. Qg3 Qe8 35. Qxg7# 1-0

[Event "Cto Equipos Aragon 2013 Div. Honor I"]
[Site "Aragon"]
[Date "2013.01.26"]
[Round "1.4"]
[White "Vasilev, Vas"]
[Black "Latorre Abad, Fernando"]
[Result "1-0"]
[WhiteElo "1942"]
[BlackElo "2099"]
[PlyCount "113"]
[EventDate "2013.??.??"]
[EventType "tourn"]
[EventRounds "7"]
[EventCountry "ESP"]
[WhiteTeam "Caissa - Hnos. Cortes"]
[BlackTeam "ONCE C.A. Aragon"]

1. d4 Nf6 2. Nf3 d6 3. c4 Nbd7 4. Nc3 e5 5. Bg5 Be7 6. e3 c6 7. Bd3 O-O 8. Qc2
h6 9. Bxf6 Bxf6 10. O-O-O exd4 11. Nxd4 Ne5 12. h3 Nxd3+ 13. Qxd3 Qa5 14. Nb3
Qa6 15. c5 Qxd3 16. Rxd3 d5 17. Nd4 Be7 18. b4 a5 19. b5 Bxc5 20. bxc6 bxc6 21.
Na4 Bxd4 22. exd4 Bf5 23. Rb3 Rab8 24. Re1 Rxb3 25. axb3 Rb8 26. Kb2 Kf8 27.
Rc1 Rb4 28. Kc3 Ke7 29. Nc5 Bc8 30. Re1+ Kd8 31. Re3 g6 32. Rf3 Ke7 33. Re3+
Kd8 34. h4 h5 35. Nd3 Rb7 36. Ne5 Rc7 37. Nd3 Re7 38. Ne5 Kc7 39. Rf3 Be6 40.
Nd3 Bg4 41. Re3 Rxe3 42. fxe3 Kb6 43. Nc5 Bf5 44. b4 axb4+ 45. Kxb4 Bg4 46.
Na4+ Kc7 47. Kc5 Be2 48. Nc3 Bd3 49. Na2 Bf1 50. g3 Bb5 51. Nb4 Ba4 52. Nd3 f6
53. Nb4 Bb5 54. Nxd5+ cxd5 55. Kxb5 Kd6 56. Kb6 g5 57. Kb5 $138 1-0

[Event "Cto Equipos Aragon 2013 Div. Honor I"]
[Site "Aragon"]
[Date "2013.01.26"]
[Round "1.6"]
[White "Ramon Perez, Jose Luis"]
[Black "Bellosta Lopez, Pablo"]
[Result "1/2-1/2"]
[WhiteElo "2236"]
[BlackElo "2072"]
[PlyCount "101"]
[EventDate "2013.??.??"]
[EventType "tourn"]
[EventRounds "7"]
[EventCountry "ESP"]
[WhiteTeam "Agrupacion"]
[BlackTeam "Club Atletismo Huesca"]

1. e4 c5 2. Nc3 d6 3. f4 g6 4. d4 cxd4 5. Qxd4 Nf6 6. e5 Nc6 7. Bb5 dxe5 8.
Qxd8+ Kxd8 9. Nf3 Nd4 10. fxe5 Nxf3+ 11. gxf3 Nd7 12. Bf4 a6 13. Bc4 e6 14.
O-O-O b5 15. Bd3 Kc7 16. Be4 Rb8 17. Nd5+ exd5 18. Bxd5 Rb6 19. Bxf7 Kb7 20.
Rhe1 Nc5 21. Bd5+ Ka7 22. Be3 a5 23. e6 Be7 24. a3 b4 25. axb4 axb4 26. Bc4 Re8
27. Rd5 Rxe6 28. Bxc5+ Bxc5 29. Rxe6 Be3+ 30. Rxe3 Rxe3 31. Ra5+ Kb6 32. Rb5+
Kc6 33. Rxb4 Rxf3 34. h4 Bf5 35. Ba6 Rh3 36. Be2 Kc5 37. Rc4+ Kd5 38. b4 Rh1+
39. Kd2 Rh2 40. Rc5+ Kd6 41. Rc4 Kd5 42. Rc3 Bg4 43. Re3 Bxe2 44. Rxe2 Rxh4 45.
c3 Kc4 46. Rg2 g5 47. Rxg5 Rh2+ 48. Ke3 Kxc3 49. b5 Kc4 50. b6 Rb2 51. Rh5
1/2-1/2

[Event "Cto Equipos Aragon 2013 Div. Honor I"]
[Site "Aragon"]
[Date "2013.01.26"]
[Round "1.7"]
[White "Gella Lopez, Angel"]
[Black "Martinez Asensio, Juan Miguel"]
[Result "1-0"]
[WhiteElo "2092"]
[BlackElo "2099"]
[PlyCount "61"]
[EventDate "2013.??.??"]
[EventType "tourn"]
[EventRounds "7"]
[EventCountry "ESP"]
[WhiteTeam "Club Atletismo Huesca"]
[BlackTeam "Agrupacion"]

1. d4 Nf6 2. c4 c5 3. d5 b5 4. Qc2 g6 5. e4 bxc4 6. Bxc4 d6 7. Nf3 Bg7 8. O-O
O-O 9. h3 Ba6 10. Bxa6 Nxa6 11. a3 Rb8 12. Nc3 Nc7 13. Re1 Nb5 14. Nxb5 Rxb5
15. a4 Rb8 16. Bd2 Nd7 17. Bc3 Bxc3 18. bxc3 Qb6 19. Rab1 Qa6 20. Rxb8 Rxb8 21.
e5 Nb6 22. exd6 exd6 23. Qe4 Qxa4 24. Qe7 Qd7 25. Qh4 Nxd5 26. c4 Rb4 27. Qg5
Nb6 28. Re7 Qd8 29. Qf6 Qf8 30. Ng5 d5 31. Nxf7 1-0

[Event "Cto Equipos Aragon 2013 Div. Honor I"]
[Site "Aragon"]
[Date "2013.01.26"]
[Round "1.8"]
[White "Carruez Berges, Santiago"]
[Black "Laplaza Ara, Carlos"]
[Result "1-0"]
[WhiteElo "2119"]
[BlackElo "2020"]
[PlyCount "69"]
[EventDate "2013.??.??"]
[EventType "tourn"]
[EventRounds "7"]
[EventCountry "ESP"]
[WhiteTeam "Agrupacion"]
[BlackTeam "Club Atletismo Huesca"]

1. e4 c5 2. d4 cxd4 3. c3 d3 4. Nf3 d6 5. Bxd3 Nf6 6. O-O g6 7. h3 Bg7 8. c4
Nc6 9. Nc3 O-O 10. Be3 b6 11. Rc1 Bb7 12. b3 e6 13. Bb1 Qe7 14. Qd2 Rfd8 15.
Bg5 Rac8 16. Rfd1 Rd7 17. Qf4 Rcd8 18. Qh4 h6 19. Bxh6 Bxh6 20. Qxh6 Qf8 21.
Qg5 Qg7 22. Rd2 Ne7 23. Rcd1 Nh7 24. Qe3 Nf8 25. Nd4 d5 26. cxd5 exd5 27. e5
Ne6 28. Ncb5 Nc6 29. f4 a6 30. Nxc6 Bxc6 31. Nd4 Nxd4 32. Qxd4 b5 33. Qb6 Bb7
34. e6 fxe6 35. Qxe6+ 1-0

[Event "Cto Equipos Aragon 2013 Div. Honor I"]
[Site "Aragon"]
[Date "2013.01.26"]
[Round "1.9"]
[White "Hefty Hilardo, Jorge Walter"]
[Black "Adla, Diego Gustavo"]
[Result "1/2-1/2"]
[WhiteElo "2323"]
[BlackElo "2498"]
[PlyCount "76"]
[EventDate "2013.??.??"]
[EventType "tourn"]
[EventRounds "7"]
[EventCountry "ESP"]
[WhiteTeam "Ibercaja B"]
[BlackTeam "St Casablanca"]

1. d4 d5 2. c4 e6 3. Nc3 c6 4. Nf3 Nf6 5. Bg5 h6 6. Bh4 dxc4 7. e4 g5 8. Bg3 b5
9. Be2 Bg7 10. Qc2 Nh5 11. Rd1 Nxg3 12. hxg3 O-O 13. e5 Nd7 14. Ne4 f5 15. exf6
Nxf6 16. Ne5 Nxe4 17. Qxe4 Qd5 18. Bf3 Qxe4+ 19. Bxe4 Bb7 20. Ke2 Rad8 21. Ke3
Rd6 22. f4 Rfd8 23. Rd2 Ba8 24. Rhd1 a5 25. Bf3 c5 26. Bxa8 cxd4+ 27. Rxd4 Rxd4
28. Rxd4 Rxa8 29. Rd6 Rc8 30. Rxe6 c3 31. bxc3 Rxc3+ 32. Nd3 Rc2 33. f5 Rxg2
34. f6 Rxg3+ 35. Kd4 Rg2 36. Ne5 Bxf6 37. Rxf6 Rxa2 38. Rxh6 Rf2 1/2-1/2

[Event "Cto Equipos Aragon 2013 Div. Honor I"]
[Site "Aragon"]
[Date "2013.01.26"]
[Round "1.10"]
[White "Glavina Rossi, Pablo"]
[Black "Garcia Monterde, Francisco Jose"]
[Result "1-0"]
[WhiteElo "2445"]
[BlackElo "2036"]
[PlyCount "89"]
[EventDate "2013.??.??"]
[EventType "tourn"]
[EventRounds "7"]
[EventCountry "ESP"]
[WhiteTeam "St Casablanca"]
[BlackTeam "Ibercaja B"]

1. d4 Nf6 2. c4 c5 3. Nf3 cxd4 4. Nxd4 e5 5. Nb5 d5 6. cxd5 Bc5 7. e3 a6 8.
N5c3 b5 9. Be2 e4 10. Nd2 Qe7 11. Qc2 Bf5 12. g4 Bxg4 13. Ncxe4 Nxe4 14. Nxe4
Bxe2 15. Kxe2 Nd7 16. Bd2 O-O 17. Nxc5 Qxc5 18. Qxc5 Nxc5 19. Bb4 Rfc8 20. Rac1
Nd7 21. Rhd1 f6 22. Rc6 Ne5 23. Rc3 Rxc3 24. Bxc3 Nd7 25. Bd4 Rc8 26. Kd3 Kf7
27. e4 g5 28. h4 h6 29. Rh1 Kg6 30. f3 Kg7 31. Rh2 Kg6 32. Bc3 Nc5+ 33. Ke3 Nd7
34. f4 gxf4+ 35. Kxf4 h5 36. Rg2+ Kf7 37. a3 Rc4 38. Kf5 Nc5 39. Bxf6 Nxe4 40.
Be5 Nc5 41. Rg7+ Ke8 42. Rc7 Rc1 43. Bf4 Kd8 44. d6 Rc4 45. Bg5+ 1-0

[Event "Cto Equipos Aragon 2013 Div. Honor I"]
[Site "Aragon"]
[Date "2013.01.26"]
[Round "1.11"]
[White "Dimitrov Uzunov, Nedko"]
[Black "Lopez Gracia, Fernando"]
[Result "0-1"]
[WhiteElo "1896"]
[BlackElo "2368"]
[PlyCount "42"]
[EventDate "2013.??.??"]
[EventType "tourn"]
[EventRounds "7"]
[EventCountry "ESP"]
[WhiteTeam "Ibercaja B"]
[BlackTeam "St Casablanca"]

1. e4 c5 2. Nf3 e6 3. d4 cxd4 4. Nxd4 Nc6 5. Nxc6 bxc6 6. c4 Nf6 7. Bd3 d5 8.
cxd5 cxd5 9. exd5 Qxd5 10. f3 Bb4+ 11. Kf1 O-O 12. Be2 Qc6 13. g3 Bb7 14. Kg2
Rfd8 15. Qb3 Ba6 16. Qxb4 Bxe2 17. Qc3 Qb5 18. a4 Qf5 19. g4 Nxg4 20. Nd2 Rac8
21. Qb4 Rxd2 0-1

[Event "Cto Equipos Aragon 2013 Div. Honor I"]
[Site "Aragon"]
[Date "2013.01.26"]
[Round "1.12"]
[White "Quintin Navarro, Alberto"]
[Black "Torcal Andolz, Alfonso"]
[Result "1-0"]
[WhiteElo "2220"]
[BlackElo "1783"]
[PlyCount "39"]
[EventDate "2013.??.??"]
[EventType "tourn"]
[EventRounds "7"]
[EventCountry "ESP"]
[WhiteTeam "St Casablanca"]
[BlackTeam "Ibercaja B"]

1. e4 d5 2. exd5 Qxd5 3. Nc3 Qa5 4. d4 Nf6 5. Bc4 c6 6. Bd2 Qc7 7. Qe2 Bf5 8.
O-O-O e6 9. Bg5 Nbd7 10. d5 cxd5 11. Nxd5 Nxd5 12. Rxd5 f6 13. Rxf5 fxg5 14.
Qxe6+ Kd8 15. Nf3 Qc6 16. Qe2 g6 17. Rf7 Bd6 18. Bb5 Bf4+ 19. Rxf4 Re8 20. Qd3
1-0

[Event "Cto Equipos Aragon 2013 Div. Honor I"]
[Site "Aragon"]
[Date "2013.01.26"]
[Round "1.13"]
[White "Cifuentes Parada, Roberto"]
[Black "Del Rey, Diego"]
[Result "1/2-1/2"]
[WhiteElo "2473"]
[BlackElo "2383"]
[PlyCount "120"]
[EventDate "2013.??.??"]
[EventType "tourn"]
[EventRounds "7"]
[EventCountry "ESP"]
[WhiteTeam "Casino Jaque"]
[BlackTeam "El Olivar"]

1. d4 Nf6 2. Nf3 e6 3. e3 c5 4. Bd3 b6 5. O-O Bb7 6. b3 Be7 7. Bb2 O-O 8. Nbd2
Nc6 9. a3 d5 10. Ne5 Nxe5 11. dxe5 Ne4 12. f4 f5 13. exf6 Bxf6 14. Bxf6 Nxf6
15. Qe2 Qd6 16. Nf3 g6 17. Rad1 c4 18. Bxc4 Qxa3 19. Bd3 Qe7 20. Ne5 Rac8 21.
Rf3 Nd7 22. Nxd7 Qxd7 23. Rg3 Qf7 24. Rg5 Kh8 25. Rf1 Qf6 26. Re5 Rc7 27. Qg4
Bc8 28. h4 Rg7 29. Rf3 Bd7 30. Rh3 d4 31. h5 gxh5 32. Qxh5 Rff7 33. Qh4 dxe3
34. Qxf6 Rxf6 35. g3 Kg8 36. Kh2 Be8 37. Bc4 Kf8 38. Rxe3 Bg6 39. c3 Bf5 40.
Rh4 Rgg6 41. Kg2 Rh6 42. Rxh6 Rxh6 43. Be2 Rg6 44. Bh5 Rf6 45. b4 Bc2 46. c4 a5
47. bxa5 bxa5 48. Bg4 Ke7 49. c5 a4 50. Kf2 Bb3 51. Ke1 Kd7 52. Bf3 Bd5 53. Bd1
Kc6 54. Bxa4+ Kxc5 55. Bd1 Rh6 56. Bg4 Kd4 57. Kd2 Rh2+ 58. Re2 Rxe2+ 59. Kxe2
e5 60. fxe5 Kxe5 1/2-1/2

[Event "Cto Equipos Aragon 2013 Div. Honor I"]
[Site "Aragon"]
[Date "2013.01.26"]
[Round "1.14"]
[White "Palacios Latasa, Elias"]
[Black "Accattato Martin, Mario"]
[Result "1/2-1/2"]
[WhiteElo "2221"]
[BlackElo "2174"]
[PlyCount "68"]
[EventDate "2013.??.??"]
[EventType "tourn"]
[EventRounds "7"]
[EventCountry "ESP"]
[WhiteTeam "El Olivar"]
[BlackTeam "Casino Jaque"]

1. e4 c5 2. Nf3 Nc6 3. Bb5 g6 4. Bxc6 dxc6 5. h3 Bg7 6. d3 Nf6 7. Nc3 Qc7 8.
Be3 b6 9. Qd2 Nd7 10. Bh6 Bf6 11. O-O e5 12. Nh2 Bb7 13. Ng4 Be7 14. f4 O-O-O
15. fxe5 Nxe5 16. Bf4 f6 17. Nxe5 fxe5 18. Bg5 Rhf8 19. Bh6 Rxf1+ 20. Rxf1 c4
21. Rf3 cxd3 22. Rxd3 Ba6 23. Rxd8+ Qxd8 24. Qxd8+ Kxd8 25. Kf2 Ke8 26. Bg7 Bd6
27. Nd1 Kf7 28. Bh8 Ke6 29. Kf3 Bc5 30. Ne3 h5 31. g4 Bxe3 32. Kxe3 Bf1 33.
gxh5 gxh5 34. h4 Bg2 1/2-1/2

[Event "Cto Equipos Aragon 2013 Div. Honor I"]
[Site "Aragon"]
[Date "2013.01.26"]
[Round "1.15"]
[White "Mancho Fondevila, Jorge"]
[Black "Hernando Garcia, Antonio"]
[Result "0-1"]
[WhiteElo "1878"]
[BlackElo "2173"]
[PlyCount "90"]
[EventDate "2013.??.??"]
[EventType "tourn"]
[EventRounds "7"]
[EventCountry "ESP"]
[WhiteTeam "Casino Jaque"]
[BlackTeam "El Olivar"]

1. d4 d5 2. Nf3 Nf6 3. e3 e6 4. Bd3 c5 5. b3 Nc6 6. O-O Bd6 7. Bb2 Qe7 8. a3
O-O 9. Nbd2 b6 10. Ne5 Bb7 11. f4 Nd7 12. Rf3 f5 13. Rh3 Nf6 14. Ndf3 Bxe5 15.
Nxe5 Nxe5 16. fxe5 Ne4 17. Rf3 Rf7 18. Bxe4 dxe4 19. Rf2 cxd4 20. Bxd4 b5 21.
c4 bxc4 22. bxc4 a6 23. Qb3 Qc7 24. c5 Bd5 25. Qb6 a5 26. Rb1 a4 27. Rfb2 g5
28. g3 Re8 29. Qxc7 Rxc7 30. Rb8 Rxb8 31. Rxb8+ Kf7 32. Kf2 Kg6 33. h3 Kf7 34.
Rh8 Kg7 35. Rb8 h6 36. Rb4 Bc6 37. Rb6 h5 38. Rb8 h4 39. gxh4 gxh4 40. Rb6 Kf7
41. Rb8 Kg7 42. Rb6 Kh7 43. Kg2 Bd5 44. Ra6 f4 45. exf4 e3+ 0-1

[Event "Cto Equipos Aragon 2013 Div. Honor I"]
[Site "Aragon"]
[Date "2013.01.26"]
[Round "1.16"]
[White "Melendez Fierro, Juan Bautista"]
[Black "Uldemolins Nivela, Mateo"]
[Result "1/2-1/2"]
[WhiteElo "2172"]
[BlackElo "1837"]
[PlyCount "53"]
[EventDate "2013.??.??"]
[EventType "tourn"]
[EventRounds "7"]
[EventCountry "ESP"]
[WhiteTeam "El Olivar"]
[BlackTeam "Casino Jaque"]

1. e4 d6 2. Nc3 Nf6 3. f4 e5 4. Nf3 Nbd7 5. Bc4 Be7 6. O-O O-O 7. Kh1 c6 8. a4
b6 9. d4 Qc7 10. Qe2 Bb7 11. fxe5 dxe5 12. dxe5 Nxe5 13. Nxe5 Qxe5 14. Rf5 Qc7
15. e5 Nd5 16. Bd2 Rad8 17. Raf1 Bc8 18. Rh5 Be6 19. Bd3 g6 20. Rh6 Nxc3 21.
bxc3 Qd7 22. Qe3 c5 23. Rxh7 Kxh7 24. Qh6+ Kg8 25. Bxg6 fxg6 26. Qxg6+ Kh8 27.
Qh6+ 1/2-1/2

[Event "Cto Equipos Aragon 2013 Div. Honor II"]
[Site "Aragon"]
[Date "2013.01.26"]
[Round "1.17"]
[White "Carretero Cacho, Juan Jose"]
[Black "Lana Rodriguez, David"]
[Result "0-1"]
[WhiteElo "2139"]
[BlackElo "2300"]
[PlyCount "80"]
[EventDate "2013.??.??"]
[EventType "tourn"]
[EventRounds "7"]
[EventCountry "ESP"]
[WhiteTeam "Agrupacion B"]
[BlackTeam "Helios"]

1. e4 Nf6 2. e5 Nd5 3. c4 Nb6 4. c5 Nd5 5. Nc3 e6 6. Bc4 Nxc3 7. dxc3 Qh4 8.
Qe2 Bxc5 9. Nf3 Qd8 10. O-O d5 11. Bd3 Be7 12. Bf4 c5 13. Rfd1 Bd7 14. h3 Bc6
15. a4 Nd7 16. b3 Qc7 17. Bg3 g5 18. Qd2 h6 19. Be2 Bf8 20. b4 b6 21. b5 Bb7
22. Re1 Bg7 23. Bd3 a5 24. bxa6 Bxa6 25. Bc2 Bb7 26. Qe3 Bc6 27. h4 g4 28. Nh2
h5 29. Qg5 Bf8 30. f4 Qd8 31. f5 Bh6 32. Qxd8+ Kxd8 33. Nf1 exf5 34. e6 f4 35.
exd7 fxg3 36. Nxg3 Bd2 37. Re8+ Kxd7 38. Rxa8 Rxa8 39. Rf1 Ke6 40. Rf5 Bxc3 0-1

[Event "Cto Equipos Aragon 2013 Div. Honor II"]
[Site "Aragon"]
[Date "2013.01.26"]
[Round "1.18"]
[White "Guzman Moneo, Alberto"]
[Black "Mimbela Lopez, Luis"]
[Result "1/2-1/2"]
[WhiteElo "2192"]
[BlackElo "2118"]
[PlyCount "70"]
[EventDate "2013.??.??"]
[EventType "tourn"]
[EventRounds "7"]
[EventCountry "ESP"]
[WhiteTeam "Helios"]
[BlackTeam "Agrupacion B"]

1. e4 c6 2. d4 d5 3. exd5 cxd5 4. c4 Nf6 5. Nc3 Nc6 6. Bg5 e6 7. Nf3 Be7 8. c5
O-O 9. Bb5 Bd7 10. O-O Ne4 11. Nxe4 dxe4 12. Bxc6 Bxc6 13. Bxe7 Qxe7 14. Ne5
Bb5 15. Re1 f6 16. Ng4 Bd3 17. Rc1 Rfd8 18. Qa4 h5 19. Ne3 f5 20. g3 a6 21. c6
Bb5 22. Qb3 Bxc6 23. Nxf5 Qf6 24. Ne3 Rxd4 25. Rc5 g6 26. Qc3 Rf8 27. Re2 h4
28. gxh4 Qf3 29. Qxd4 Qxe2 30. Rc2 Qh5 31. Qd6 Qxh4 32. Qxe6+ Kg7 33. Qe5+ Kg8
34. Qe6+ Kg7 35. Qe5+ Kg8 1/2-1/2

[Event "Cto Equipos Aragon 2013 Div. Honor II"]
[Site "Aragon"]
[Date "2013.01.26"]
[Round "1.19"]
[White "Larrosa Poves, Jose Manuel"]
[Black "Cerrajeria Ruiz, Jesus Maria"]
[Result "0-1"]
[WhiteElo "1983"]
[BlackElo "2155"]
[PlyCount "56"]
[EventDate "2013.??.??"]
[EventType "tourn"]
[EventRounds "7"]
[EventCountry "ESP"]
[WhiteTeam "Agrupacion B"]
[BlackTeam "Helios"]

1. d4 Nf6 2. Nf3 g6 3. c4 c5 4. Nc3 Bg7 5. d5 d6 6. e4 b5 7. cxb5 a6 8. bxa6
O-O 9. h3 Nbd7 10. Bb5 Nxe4 11. Nxe4 Qa5+ 12. Nc3 Bxc3+ 13. bxc3 Qxb5 14. Qb3
Bxa6 15. Qxb5 Bxb5 16. a4 Rfb8 17. Nd2 Ne5 18. c4 Bxc4 19. Nxc4 Nxc4 20. O-O
Rb4 21. Bh6 f6 22. Rfb1 Kf7 23. Rxb4 cxb4 24. Be3 b3 25. Rb1 b2 26. Bd4 Rxa4
27. Bc3 Ra3 28. Bd4 Rd3 0-1

[Event "Cto Equipos Aragon 2013 Div. Honor II"]
[Site "Aragon"]
[Date "2013.01.26"]
[Round "1.20"]
[White "Navarro Alonso, Jorge Luis"]
[Black "Martinez Crespo, Juan"]
[Result "1/2-1/2"]
[WhiteElo "2161"]
[BlackElo "1857"]
[PlyCount "57"]
[EventDate "2013.??.??"]
[EventType "tourn"]
[EventRounds "7"]
[EventCountry "ESP"]
[WhiteTeam "Helios"]
[BlackTeam "Agrupacion B"]

1. e4 e5 2. Nf3 Nf6 3. Bc4 Nc6 4. Qe2 Bc5 5. c3 O-O 6. d3 d6 7. Nbd2 a6 8. Bb3
Be6 9. Bc2 h6 10. Nf1 Ng4 11. Ne3 Nxe3 12. Bxe3 Bxe3 13. Qxe3 f5 14. exf5 Bxf5
15. O-O-O Qd7 16. h3 Be6 17. g4 Qe7 18. d4 exd4 19. Nxd4 Nxd4 20. Qxd4 Qg5+ 21.
Kb1 Rae8 22. Qd3 Rf6 23. Rde1 Bd7 24. Qc4+ Be6 25. Qxc7 Qd2 26. Rc1 Bd5 27.
Rhd1 Qxf2 28. Qd7 Ref8 29. Bf5 1/2-1/2

[Event "Cto Equipos Aragon 2013 Div. Honor II"]
[Site "Aragon"]
[Date "2013.01.26"]
[Round "1.21"]
[White "Garza Marco, Sergio"]
[Black "Sacristan Latorre, Alberto"]
[Result "1-0"]
[WhiteElo "2438"]
[BlackElo "2063"]
[PlyCount "47"]
[EventDate "2013.??.??"]
[EventType "tourn"]
[EventRounds "7"]
[EventCountry "ESP"]
[WhiteTeam "Jaime Casas"]
[BlackTeam "Ramiro"]

1. d4 Nf6 2. c4 g6 3. Nc3 Bg7 4. e4 d6 5. Nge2 O-O 6. Ng3 c5 7. d5 e6 8. Be2
exd5 9. cxd5 a6 10. a4 Nbd7 11. O-O Re8 12. f4 Rb8 13. Kh1 Qc7 14. Ra3 b6 15.
e5 dxe5 16. f5 Bb7 17. Nge4 Rf8 18. Bg5 h6 19. Nxf6+ Nxf6 20. Bxf6 Bxf6 21. Ne4
Bd8 22. Qd2 g5 23. f6 Qd7 24. Rg3 1-0

[Event "Cto Equipos Aragon 2013 Div. Honor II"]
[Site "Aragon"]
[Date "2013.01.26"]
[Round "1.22"]
[White "Colom Sienes, Eduardo"]
[Black "Antoli Royo, Joaquin Miguel"]
[Result "0-1"]
[WhiteElo "2028"]
[BlackElo "2412"]
[PlyCount "110"]
[EventDate "2013.??.??"]
[EventType "tourn"]
[EventRounds "7"]
[EventCountry "ESP"]
[WhiteTeam "Ramiro"]
[BlackTeam "Jaime Casas"]

1. e4 c5 2. Nf3 Nc6 3. d4 cxd4 4. Nxd4 e5 5. Nb5 d6 6. N1c3 a6 7. Na3 Be7 8.
Be2 Nf6 9. Bg5 O-O 10. Bxf6 Bxf6 11. Nc4 Be6 12. Qxd6 Nd4 13. Qxd8 Bxd8 14. Ne3
Ba5 15. Bd3 Rac8 16. Ned1 Rfd8 17. O-O g6 18. f4 exf4 19. Rxf4 Nc6 20. Ne3 Bb6
21. Re1 Nb4 22. Kh1 Rxd3 23. cxd3 Nxd3 24. Rff1 Nxe1 25. Rxe1 Ba5 26. Ned5 Kg7
27. Rd1 Rc4 28. Ne3 Rc8 29. Ncd5 Bd8 30. b3 Bg5 31. h3 Rc5 32. Rd4 Rc1+ 33. Kh2
Re1 34. Nc4 h5 35. Nd6 Kf8 36. Nxb7 h4 37. Nc5 Bxd5 38. exd5 Be3 39. Re4 Bg1+
40. Kh1 Rd1 41. Nd7+ Kg7 42. g4 hxg3 43. Kg2 Bf2 44. Ne5 Rxd5 45. Nc4 f5 46.
Re6 f4 47. Rxa6 Rd1 48. Ne5 Bd4 49. Rxg6+ Kh7 50. Rg5 Rd2+ 51. Kf3 Bxe5 52.
Rxe5 Rf2+ 53. Kg4 g2 54. Rh5+ Kg6 55. Rg5+ Kf6 0-1

[Event "Cto Equipos Aragon 2013 Div. Honor II"]
[Site "Aragon"]
[Date "2013.01.26"]
[Round "1.23"]
[White "Ramiro Ovejero, Juan Luis"]
[Black "Palacios Herrero, Pablo"]
[Result "1-0"]
[WhiteElo "2362"]
[BlackElo "1963"]
[PlyCount "113"]
[EventDate "2013.??.??"]
[EventType "tourn"]
[EventRounds "7"]
[EventCountry "ESP"]
[WhiteTeam "Jaime Casas"]
[BlackTeam "Ramiro"]

1. e4 e6 2. d3 d5 3. Qe2 Be7 4. Nf3 dxe4 5. dxe4 Nc6 6. c3 e5 7. Qc2 a6 8. Nbd2
Bg4 9. Be2 Bc5 10. b4 Bb6 11. Nc4 Qe7 12. Be3 Bxe3 13. Nxe3 Be6 14. Nd5 Bxd5
15. exd5 Nb8 16. Qe4 Nf6 17. Qxe5 Qxe5 18. Nxe5 Nxd5 19. Bc4 Nxc3 20. Rc1 Nb5
21. Bxf7+ Kd8 22. O-O Nd7 23. Rfd1 Nd6 24. f4 Rf8 25. Bd5 Rxf4 26. Bxb7 Nxe5
27. Bxa8 Rxb4 28. Rc5 Nd7 29. Rc3 Rb2 30. Bd5 Nf6 31. Bb3 Re2 32. Rdc1 Nfe8 33.
Rc6 Nf5 34. Bc4 Rd2 35. Rxa6 Ned6 36. Bf1 Ne3 37. a4 Ndf5 38. Ra8+ Kd7 39. a5
Nh4 40. Rf8 Ra2 41. Rf7+ Kd6 42. Rxg7 Rxa5 43. Rxh7 Nhf5 44. Rhxc7 Ra2 45.
R7c6+ Ke5 46. Ra6 Rb2 47. Re1 Kf4 48. Ra4+ Kg5 49. Re4 Ng4 50. Be2 Nf6 51. Ra4
Nd5 52. Bf3 Nc3 53. Rc4 Nb1 54. Re2 Nd2 55. Rg4+ Kf6 56. Kf2 Nh6 57. Rd4 1-0